مكتبة جامعة عجلون الوطنية

فهرس بحث المكتبة

غرفة المصادر كبديل تربوي لذوي الإحتياجات الخاصة (دليل عملي لمعلمي صعوبات التعلم) (Record no. 15986)

MARC details
000 -LEADER
fixed length control field 00900nam a2200229Ii 4500
003 - CONTROL NUMBER IDENTIFIER
control field JO-AjNU
008 - FIXED-LENGTH DATA ELEMENTS--GENERAL INFORMATION
fixed length control field 230605s9999||||xx |||||||||||||| ||und||
017 ## - COPYRIGHT OR LEGAL DEPOSIT NUMBER
Copyright or legal deposit number 2008/8/2632
020 ## - INTERNATIONAL STANDARD BOOK NUMBER
International Standard Book Number 978-9957-70-108-6
040 ## - CATALOGING SOURCE
Original cataloging agency JO-AjNU
Language of cataloging ara
Description conventions rda
Transcribing agency JO-AjNU
041 ## - LANGUAGE CODE
Language code of text/sound track or separate title ara
050 14 - LIBRARY OF CONGRESS CALL NUMBER
Classification number LC4023.K38 2009
100 3# - MAIN ENTRY--PERSONAL NAME
Personal name الخطيب،عاكف عبدالله ,
Relator term author
9 (RLIN) 31130
245 00 - TITLE STATEMENT
Title غرفة المصادر كبديل تربوي لذوي الإحتياجات الخاصة (دليل عملي لمعلمي صعوبات التعلم)
250 ## - EDITION STATEMENT
Edition statement ط1
264 31 - PRODUCTION, PUBLICATION, DISTRIBUTION, MANUFACTURE, AND COPYRIGHT NOTICE
Place of production, publication, distribution, manufacture إربد:عالم الكتب الحديث،2009/عمان:جدارا للكتاب العالمي،2009
300 ## - PHYSICAL DESCRIPTION
Extent 458ص
336 ## - CONTENT TYPE
Content type term text
Content type code txt
Source rdacontent
337 ## - MEDIA TYPE
Media type term unmediated
Media type code n
Source rdamedia
338 ## - CARRIER TYPE
Carrier type term volume
Carrier type code nc
Source rdacarrier
650 #4 - SUBJECT ADDED ENTRY--TOPICAL TERM
Topical term or geographic name entry element التعليم الخاص-صعوبات التعلم-طرق التعلم
9 (RLIN) 31131
Holdings
Withdrawn status Lost status Source of classification or shelving scheme Damaged status Not for loan Home library Current library Shelving location Date acquired Total Checkouts Full call number Barcode Date last seen Price effective from Koha item type
    Library of Congress Classification     مكتبة جامعة عجلون الوطنية مكتبة جامعة عجلون الوطنية المجموعات العامة 06/06/2023   LC4023.K38 2009 A12418 06/06/2023 06/06/2023 Books